Encuentros (Registro nro. 122781)

Detalles MARC
000 -LEADER
campo de control de longitud fija 00766nam a2200181 4500
001 - NÚMERO DE CONTROL
campo de control 122781
003 - IDENTIFICADOR DE NÚMERO DE CONTROL
campo de control ES-MaACL
005 - FECHA Y HORA DE LA ÚLTIMA TRANSACCIÓN
campo de control 20230906192036.0
007 - CAMPO FIJO DE DESCRIPCIÓN FÍSICA--INFORMACIÓN GENERAL
campo de control de longitud fija t|
008 - DATOS DE LONGITUD FIJA--INFORMACIÓN GENERAL
campo de control de longitud fija 070214s1972 sp r ||||1| spa d
100 1# - ENTRADA PRINCIPAL--NOMBRE DE PERSONA
Nombre de persona Pujadas, José María.
9 (RLIN) 94314
245 10 - MENCIÓN DEL TÍTULO
Título Encuentros
Resto del título : guía para la ordenación de encuentros de promoción juvenil y grupos juveniles cristianos /
Mención de responsabilidad, etc. José María Pujadas ; presentación Narciso Jubany arzobispo de Barcelona ; carta prólogo de Carlos H. Rodríguez Quirós arzobispo de San José de Costa Rica.
260 ## - PUBLICACIÓN, DISTRIBUCIÓN, ETC.
Lugar de publicación, distribución, etc. Madrid :
Nombre del editor, distribuidor, etc. Studium,
Fecha de publicación, distribución, etc. 1972.
300 ## - DESCRIPCIÓN FÍSICA
Extensión 2 v. ;
Dimensiones 18 cm.
700 1# - ENTRADA AGREGADA--NOMBRE PERSONAL
Nombre de persona Jubany i Arnau, Narcís (
Fechas asociadas al nombre 1913-1996)
9 (RLIN) 140069
700 1# - ENTRADA AGREGADA--NOMBRE PERSONAL
Nombre de persona Rodríguez Quirós, Carlos H.
9 (RLIN) 98747
852 ## - LOCALIZACIÓN
Ubicación ES-MaACL
Número de control de estantería C-44841-2
Sublocalización o colección R.82623
Existencias
Estatus retirado Estado de pérdida Estado de daño No para préstamo Biblioteca de origen Biblioteca actual Ubicación en estantería Fecha de adquisición Fuente de adquisición Total de préstamos Signatura topográfica completa Código de barras Visto por última vez Precio de reemplazo Tipo de ítem Koha
        Biblioteca del Ateneo de Madrid Biblioteca del Ateneo de Madrid Depósito 2 17/01/2008     C-44841-2 1127937 23/02/2023 23/02/2023 Libro impreso